| 000 | 00469nam a22001697a 4500 | ||
|---|---|---|---|
| 999 |
_c133 _d133 |
||
| 005 | 20210909132250.0 | ||
| 008 | 160427b xxu||||| |||| 00| 0 eng d | ||
| 020 | _a9814-12691-8 | ||
| 041 | _aeng | ||
| 082 |
_b00439 _a004 |
||
| 100 |
_aTurban, Efraim . Rainer, R.Kelly and others _94037 |
||
| 245 | _aIntroduction to : Information Technology | ||
| 260 |
_aIndia _bJohn wilry & Sons, Inc, _c2003 |
||
| 300 | _a526 | ||
| 650 |
_aInformation Technology _9137 |
||
| 942 | _cBK | ||